000 00609nam a2200193Ia 4500
005 20250507130230.0
008 008 250505s9999 xx 000 0 eng d
037 _aSeries Article
040 _aEASL
_beng
_cEASL
041 _aeng
_2eng
084 _qEASL
100 _aWood Sally Percival
_9668979
245 0 _aChou gags critics in bandoeng or how the midia framed premier zhou enlai at the bandung cofference,1955
260 _aUK
_bCambridge Cambridge University Press UK
_c2010
300 _a101-1028
650 _aModern Asian Studies
942 _cSRA
999 _c1318463
_d1318463